[Event "40th World Junior Girls"]
[Site "Gandhinagar IND"]
[Date "2024.06.12"]
[Round "10.36"]
[White "Aswinika Mani R"]
[Black "Advika Sarupria"]
[Result "1/2-1/2"]
[WhiteElo "1751"]
[BlackElo "1587"]
[WhiteFideId "25611518"]
[BlackFideId "25968858"]
[EventDate "2024.06.02"]

1. e4 e6 2. d4 d5 3. exd5 exd5 4. h3 Bd6 5. Bd3 Ne7 6. Nf3 O-O 7. O-O Bf5 8.
Bxf5 Nxf5 9. Qd3 Ne7 10. Ng5 Ng6 11. h4 Re8 12. h5 Nf8 13. Nc3 c6 14. Ne2 h6 15.
Nf3 Nbd7 16. Ng3 Bxg3 17. fxg3 Ne6 18. Bd2 c5 19. c3 Qb6 20. Kh1 cxd4 21. cxd4
Nf6 22. Qf5 Nxd4 23. Nxd4 Qxd4 24. Bc3 Qg4 25. Bxf6 Qxf5 26. Rxf5 gxf6 27. Rxd5
Re5 28. Rad1 Rae8 29. g4 Kg7 30. Kh2 Re2 1/2-1/2

[Event "40th World Junior Girls"]
[Site "Gandhinagar IND"]
[Date "2024.06.12"]
[Round "10.37"]
[White "Varshita Jain"]
[Black "Peglau, Charis"]
[Result "1/2-1/2"]
[BlackTitle "WFM"]
[WhiteElo "1676"]
[BlackElo "2088"]
[WhiteFideId "25681907"]
[BlackFideId "16219996"]
[EventDate "2024.06.02"]

1. e4 c5 2. Nf3 e6 3. d4 cxd4 4. Nxd4 a6 5. Be2 Nf6 6. Nc3 Qc7 7. a3 Nc6 8. Be3
Be7 9. O-O O-O 10. Kh1 d6 11. f4 Nxd4 12. Bxd4 e5 13. Be3 exf4 14. Bxf4 Be6 15.
Qe1 Bc4 16. Rd1 Rfe8 17. Rd4 Bxe2 18. Qxe2 Rac8 19. Rfd1 Qb6 20. Rb4 Qc6 21.
Rbd4 Qb6 22. Rb4 Qc6 23. Rbd4 Qb6 24. Rb4 Qc6 1/2-1/2

[Event "40th World Junior Girls"]
[Site "Gandhinagar IND"]
[Date "2024.06.12"]
[Round "10.38"]
[White "Nagyova, Daniela"]
[Black "Disha U A"]
[Result "1-0"]
[WhiteElo "1958"]
[BlackElo "1660"]
[WhiteFideId "390070"]
[BlackFideId "25915622"]
[EventDate "2024.06.02"]

1. e4 d6 2. d4 Nf6 3. Nc3 g6 4. Be3 a6 5. h3 b5 6. e5 Nfd7 7. Qf3 c6 8. Bf4 d5
9. Bd3 Nb6 10. Qg3 e6 11. h4 h5 12. Nf3 Rg8 13. Ng5 Be7 14. O-O b4 15. Nd1 a5
16. c3 Ba6 17. Rc1 Bxd3 18. Qxd3 Qd7 19. Ne3 Kf8 20. Nh7+ Kg7 21. Nf6 Bxf6 22.
exf6+ Kxf6 23. Be5+ Ke7 24. cxb4 axb4 25. Qb3 Na6 26. Nc2 f6 27. Bg3 Qb7 28.
Rfe1 Rgc8 29. a3 Nd7 30. Qd3 Kf7 31. Bd6 Kg7 32. g4 e5 33. gxh5 e4 34. Qe2 Ndb8
35. Qg4 Qd7 36. Qxg6+ Kh8 37. Qxf6+ Qg7+ 38. Qxg7+ Kxg7 1-0

[Event "40th World Junior Girls"]
[Site "Gandhinagar IND"]
[Date "2024.06.12"]
[Round "10.39"]
[White "Divyabharathi, Masanam"]
[Black "Pranavasri S"]
[Result "1/2-1/2"]
[WhiteElo "1821"]
[BlackElo "1610"]
[WhiteFideId "45018421"]
[BlackFideId "33406758"]
[EventDate "2024.06.02"]

1. e4 c5 2. Nf3 d6 3. d4 cxd4 4. Nxd4 Nf6 5. Nc3 a6 6. Be2 e5 7. Nb3 Be7 8. O-O
O-O 9. Be3 Be6 10. Qd2 Nbd7 11. a4 Rc8 12. a5 Qc7 13. Rfd1 Qc6 14. Bf3 Rfd8 15.
Qe1 h6 16. Nc1 Nc5 17. Nd5 Bxd5 18. exd5 Qb5 19. b3 Nh7 20. Bg4 Rb8 21. c4 Qe8
22. b4 Nd7 23. Nb3 Qf8 24. Bxd7 Rxd7 25. Bb6 Rc8 26. Qe2 f5 27. Ra2 Nf6 28. f3
Bd8 29. Bf2 e4 30. Nd4 exf3 31. gxf3 Qe8 32. Ne6 Nh7 33. Qd3 Ng5 34. Nxg5 Bxg5
35. c5 Qg6 36. Kh1 Bf4 37. Re2 Qh5 38. Bg1 Kh8 39. Rde1 Bg3 40. Rd1 Bf4 41. Rde1
Bg3 42. Rc1 Bf4 43. Rc4 Be5 44. Rc1 1/2-1/2

[Event "40th World Junior Girls"]
[Site "Gandhinagar IND"]
[Date "2024.06.12"]
[Round "10.40"]
[White "Radhika Sharma"]
[Black "Drishtee Ghosh"]
[Result "0-1"]
[WhiteElo "1651"]
[BlackElo "1700"]
[WhiteFideId "33398666"]
[BlackFideId "25164074"]
[EventDate "2024.06.02"]

1. Nf3 d5 2. d4 Nf6 3. c4 e6 4. g3 Be7 5. Bg2 O-O 6. O-O dxc4 7. Ne5 Nc6 8. Nxc6
bxc6 9. Bxc6 Rb8 10. Bg2 Bb7 11. Bxb7 Rxb7 12. Nc3 Qd7 13. e3 Rc8 14. Qe2 c5 15.
Qxc4 Rb4 16. Qe2 cxd4 17. exd4 Qxd4 18. Be3 Qe5 19. Rfe1 Qb8 20. Nd1 Nd5 21. Qa6
Nxe3 22. Rxe3 Bf6 23. Re2 Rd8 24. Rb1 h5 25. a3 Rb3 26. Re3 h4 27. Qc4 Rb5 28.
b3 Qb7 29. Qe4 Qa6 30. b4 Rbd5 31. Qc2 Rd2 32. Qb3 Qb7 33. g4 Qb5 34. Nc3 Qg5
35. h3 R2d3 36. Rxd3 Rxd3 37. Qa4 Rxc3 38. Qe8+ Kh7 39. Qxf7 Rxh3 40. Qxe6 Rxa3
41. Qf5+ Qxf5 42. gxf5 0-1

[Event "40th World Junior Girls"]
[Site "Gandhinagar IND"]
[Date "2024.06.12"]
[Round "10.41"]
[White "Benito De Leo, Estefania"]
[Black "Prasiddhi Bhat"]
[Result "1/2-1/2"]
[WhiteElo "1900"]
[BlackElo "1715"]
[WhiteFideId "5135311"]
[BlackFideId "25602217"]
[EventDate "2024.06.02"]

1. e4 d5 2. exd5 Qxd5 3. Nc3 Qa5 4. d4 c6 5. Nf3 Nf6 6. Bc4 Bg4 7. h3 Bh5 8. g4
Bg6 9. Bd2 Nbd7 10. Nd5 Qd8 11. Nf4 Nb6 12. Bb3 e6 13. Qe2 Bd6 14. Nxg6 hxg6 15.
c4 Bc7 16. O-O-O Qe7 17. Kb1 O-O-O 18. Bc3 Rhe8 19. Rhe1 c5 20. d5 Qf8 21. dxe6
Rxe6 22. Qc2 Rde8 23. Rxe6 Rxe6 24. Ng5 Re7 25. f3 Qe8 26. Bxf6 gxf6 27. Ne4 Qc6
28. Qf2 Nd7 29. Nc3 Nb6 30. Nd5 Nxd5 31. cxd5 Qd6 32. Re1 b5 33. Rxe7 Qxe7 34.
Bc2 Bb6 35. Be4 Qe5 36. Qe2 Qd4 37. a3 c4 38. f4 Bc7 39. f5 g5 40. Bg2 Be5 41.
Bf1 Kd7 42. Qc2 Kd6 43. Be2 a6 44. a4 1/2-1/2

[Event "40th World Junior Girls"]
[Site "Gandhinagar IND"]
[Date "2024.06.12"]
[Round "10.42"]
[White "Cumacenko, Saule"]
[Black "Sindhusree K"]
[Result "0-1"]
[WhiteElo "1595"]
[BlackElo "1846"]
[WhiteFideId "12835560"]
[BlackFideId "46616411"]
[EventDate "2024.06.02"]

1. e4 c5 2. Nc3 d6 3. g3 Nc6 4. Bg2 g6 5. d3 Bg7 6. Be3 e6 7. Qd2 Nge7 8. Bh6
O-O 9. h4 Bxh6 10. Qxh6 Kh8 11. g4 Ng8 12. Qe3 Nd4 13. O-O-O h6 14. Nce2 e5 15.
f3 Qa5 16. a3 b5 17. Qd2 Nxe2+ 18. Nxe2 b4 19. c4 Bd7 20. Rdf1 Rab8 21. g5 h5
22. f4 Qa6 23. fxe5 bxa3 24. Qc3 axb2+ 25. Kd2 Kh7 26. exd6 Qxd6 27. e5 Qb6 28.
Nf4 Qb3 29. Rb1 Qa2 30. Be4 Rb3 31. Qc2 Bg4 32. Rhf1 Kg7 33. d4 cxd4 34. Bxg6
Qa5+ 35. Qc3 Qxc3# 0-1

[Event "40th World Junior Girls"]
[Site "Gandhinagar IND"]
[Date "2024.06.12"]
[Round "10.43"]
[White "Fang, Kun"]
[Black "Modipalli Deekshitha"]
[Result "1-0"]
[WhiteTitle "WCM"]
[WhiteElo "1803"]
[BlackElo "1678"]
[WhiteFideId "5819660"]
[BlackFideId "33389454"]
[EventDate "2024.06.02"]

1. e4 e5 2. Nf3 Nc6 3. Bb5 a6 4. Ba4 Nf6 5. O-O d6 6. Re1 Bd7 7. c3 g6 8. d4 b5
9. Bb3 Bg7 10. Nbd2 O-O 11. Nf1 Bg4 12. Be3 Re8 13. h3 Bxf3 14. Qxf3 Na5 15. Bc2
Nc4 16. Bg5 c6 17. Rab1 h6 18. Bh4 Qe7 19. d5 cxd5 20. exd5 Rac8 21. Be4 g5 22.
Bg3 Nxe4 23. Qxe4 Qd7 24. Qc2 f5 25. f3 Rc5 26. Rbd1 Rcc8 27. Bf2 b4 28. Ne3
Nxe3 29. Rxe3 e4 30. c4 exf3 31. Rxf3 Re4 32. b3 Rce8 33. Qd3 a5 34. Re3 Be5 35.
Kh1 Bf4 36. Rxe4 fxe4 37. Qe2 e3 38. Bg1 Re4 39. Bh2 Qe7 40. Re1 Qf6 41. Qf3 Re7
42. g3 Qc3 43. Re2 Rg7 44. Bg1 Be5 45. Qxe3 Qa1 46. Kg2 Rf7 47. Bf2 Re7 48. Qd3
Kg7 49. Qc2 Rc7 50. Re1 Qc3 51. Qxc3 bxc3 52. Rc1 a4 53. Be1 axb3 54. axb3 Rb7
55. Bxc3 Rxb3 56. Bxe5+ dxe5 57. c5 1-0

[Event "40th World Junior Girls"]
[Site "Gandhinagar IND"]
[Date "2024.06.12"]
[Round "10.44"]
[White "Natura, Bethi"]
[Black "Sagar, Siya"]
[Result "0-1"]
[WhiteElo "1697"]
[BlackElo "1732"]
[WhiteFideId "25048864"]
[BlackFideId "25098160"]
[EventDate "2024.06.02"]

1. d4 Nf6 2. c4 g6 3. Nc3 d5 4. cxd5 Nxd5 5. e4 Nxc3 6. bxc3 Bg7 7. Be3 c5 8.
Rc1 Qa5 9. Qd2 O-O 10. Nf3 Nc6 11. d5 Ne5 12. Nxe5 Bxe5 13. f4 Bg7 14. Bd3 Bd7
15. O-O Qc7 16. e5 c4 17. Be4 Rac8 18. Qb2 b5 19. Qa3 Rfe8 20. Qa6 Bxe5 21. fxe5
Qxe5 22. Rce1 Qxe4 23. Bd4 Qxd5 24. Rxe7 Bc6 25. Re2 Rxe2 26. Qxc8+ Re8 27. Qg4
a6 28. h3 h5 29. Qg3 b4 30. Rf2 b3 31. Qf4 Re4 32. Qb8+ Be8 33. axb3 cxb3 34.
Rf4 Re1+ 35. Kh2 Qb5 36. Qd8 Re6 37. Rf6 Qd7 38. Qb8 Rxf6 39. Bxf6 Qb5 40. Qf4
Qf5 41. Qxf5 gxf5 42. c4 a5 43. Kg3 a4 44. Bb2 Bc6 45. h4 Kf8 46. Kf4 Bxg2 47.
Kxf5 Ke7 48. Ba3+ Kd7 0-1

[Event "40th World Junior Girls"]
[Site "Gandhinagar IND"]
[Date "2024.06.12"]
[Round "10.45"]
[White "Deepak, Laksshana"]
[Black "Asudani Ruhani Raj"]
[Result "1-0"]
[WhiteTitle "WCM"]
[WhiteElo "1727"]
[BlackElo "1645"]
[WhiteFideId "25980548"]
[BlackFideId "25697463"]
[EventDate "2024.06.02"]

1. d4 d5 2. Nf3 Nf6 3. Bf4 e6 4. e3 c5 5. Nbd2 Nc6 6. c3 cxd4 7. exd4 Nh5 8. Bg5
Qb6 9. Qc2 Bd6 10. Bd3 h6 11. Be3 Nf4 12. Bxf4 Bxf4 13. O-O O-O 14. Rfe1 Re8 15.
Ne5 Qc7 16. Ndf3 b6 17. Re2 Bb7 18. Rae1 Rac8 19. g3 Bxe5 20. Nxe5 Nxe5 21. Rxe5
Qd6 22. Qe2 Re7 23. f4 Rce8 24. f5 Bc8 25. f6 gxf6 26. Qg4+ Kf8 27. Qf4 f5 28.
Qxh6+ Kg8 29. Bxf5 Rd7 30. Bh7+ Kh8 31. Qf6+ Kxh7 32. Rh5+ Kg8 33. Rh8# 1-0

[Event "40th World Junior Girls"]
[Site "Gandhinagar IND"]
[Date "2024.06.12"]
[Round "10.46"]
[White "Mishra Riya"]
[Black "Hasini, Kamabathula"]
[Result "0-1"]
[WhiteElo "1654"]
[BlackElo "1758"]
[WhiteFideId "35024868"]
[BlackFideId "25712837"]
[EventDate "2024.06.02"]

1. e4 e5 2. Nf3 Nc6 3. Bc4 Bc5 4. d3 Nf6 5. h3 d6 6. Nc3 h6 7. Be3 Bb6 8. Qd2
Be6 9. Bb5 Bxe3 10. fxe3 a6 11. Ba4 b5 12. Bb3 Qd7 13. Nd5 Bxd5 14. exd5 Ne7 15.
e4 Ng6 16. g3 h5 17. a4 Rb8 18. axb5 axb5 19. c4 Ke7 20. Qc2 Ra8 21. Rc1 h4 22.
g4 Nf4 23. d4 bxc4 24. Bxc4 Qa4 25. Bb3 Qb4+ 26. Kf1 Rhb8 27. dxe5 Nxe4 28.
exd6+ Nxd6 29. Re1+ Kd8 30. Nd2 Qb5+ 31. Kf2 Qd3 32. Qc3 Qxc3 33. bxc3 Nd3+ 34.
Kf3 Nxe1+ 35. Rxe1 Ra3 36. Rb1 Rba8 37. Re1 Ra1 38. Re5 Rc1 39. Re3 Nb5 40. Ne4
Ra3 41. Bc4 Nxc3 42. Ng5 Nb1 43. Nxf7+ Kc8 44. Bd3 Nd2+ 45. Ke2 Ra2 46. Re8+ Kb7
47. Nd8+ Kb6 48. Re6+ c6 49. Nxc6 Ne4+ 50. Ke3 Re1+ 0-1

[Event "40th World Junior Girls"]
[Site "Gandhinagar IND"]
[Date "2024.06.12"]
[Round "10.47"]
[White "Prakash Vaishnavi"]
[Black "Banker Reya"]
[Result "1-0"]
[WhiteElo "1632"]
[BlackElo "1421"]
[WhiteFideId "46660445"]
[BlackFideId "25146491"]
[EventDate "2024.06.02"]

1. e4 c5 2. Nf3 d6 3. Bb5+ Nc6 4. O-O e5 5. c3 f5 6. exf5 Bxf5 7. d4 exd4 8.
cxd4 Nf6 9. d5 a6 10. dxc6 axb5 11. Qe2+ Be7 12. cxb7 Rb8 13. Qxb5+ Bd7 14. Qb3
Bc6 15. Ng5 Bd5 16. Qa4+ Qd7 17. Qxd7+ Kxd7 18. Nc3 Bxb7 19. Be3 Ba6 20. Rfd1
Rxb2 21. Bxc5 Rc2 22. Bd4 Ng4 23. Nf3 Bb7 24. Rab1 Bxf3 25. gxf3 Nxf2 26. Re1
Nh3+ 27. Kf1 1-0

[Event "40th World Junior Girls"]
[Site "Gandhinagar IND"]
[Date "2024.06.12"]
[Round "10.48"]
[White "Falak Joni Naik"]
[Black "Aashi Upadhyay"]
[Result "1/2-1/2"]
[WhiteElo "1653"]
[BlackElo "1653"]
[WhiteFideId "45069310"]
[BlackFideId "25620789"]
[EventDate "2024.06.02"]

1. d4 Nf6 2. Nf3 d5 3. e3 Bf5 4. Be2 e6 5. Nbd2 Nbd7 6. b3 c6 7. Bb2 Bd6 8. O-O
h5 9. h3 Ne4 10. c4 g5 11. cxd5 exd5 12. Nxe4 Bxe4 13. Ne5 g4 14. f3 gxf3 15.
Bxf3 Qg5 16. Bxe4 dxe4 17. Nxf7 Qxe3+ 18. Kh1 Qg3 19. Nxd6+ Qxd6 20. d5 Rh6 21.
dxc6 Qxd1 22. Raxd1 Rxc6 23. Rd4 Re6 24. Rf4 Nc5 25. Ba3 Rc8 26. Rc4 e3 27. Bxc5
Rxc5 28. Rxc5 e2 29. Rc1 e1=Q+ 30. Rxe1 Rxe1+ 31. Kh2 Re5 32. Kg3 Rg5+ 33. Kf3
Ke7 34. Rb4 b6 35. Ra4 a5 36. Re4+ Kf6 37. Rc4 Rb5 38. g4 Kg5 39. gxh5 Kxh5 40.
Ke3 Rg5 41. Rf4 Rg3+ 42. Rf3 Rg2 43. a4 Rc2 44. Kd4 Rc6 45. Rc3 Rf6 46. Ke5 Kg6
47. Rg3+ Kf7 48. Rd3 Re6+ 49. Kd5 Rh6 50. Kc4 Rh5 51. Re3 Rc5+ 52. Kd4 Rh5 53.
Rc3 b5 54. Re3 bxa4 55. bxa4 Rh4+ 56. Re4 Rxh3 57. Kc5 Rb3 58. Rd4 Ke7 1/2-1/2

[Event "40th World Junior Girls"]
[Site "Gandhinagar IND"]
[Date "2024.06.12"]
[Round "10.49"]
[White "ANDHIN, tehjha Nidhi"]
[Black "Durga Karthika Lellapalli"]
[Result "0-1"]
[WhiteElo "1361"]
[BlackElo "1631"]
[WhiteFideId "9700510"]
[BlackFideId "25130889"]
[EventDate "2024.06.02"]

1. d4 Nf6 2. Nf3 e6 3. Bf4 d5 4. e3 Bd6 5. Bg3 c5 6. c3 Qc7 7. Bd3 Nbd7 8. Nbd2
O-O 9. O-O Bxg3 10. hxg3 e5 11. e4 exd4 12. cxd4 cxd4 13. Nxd4 Nc5 14. Rc1 Qb6
15. Qc2 Nxd3 16. Qxd3 dxe4 17. Nxe4 Ng4 18. Rc2 Rd8 19. Rd1 Qh6 20. f3 Qh2+ 21.
Kf1 Ne5 22. Qd2 Nc6 23. Qg5 Bh3 24. Qh4 Qh1+ 25. Ke2 Nxd4+ 26. Ke3 Qxd1 27. Rd2
Nf5+ 0-1

[Event "40th World Junior Girls"]
[Site "Gandhinagar IND"]
[Date "2024.06.13"]
[Round "11.1"]
[White "Divya, Deshmukh"]
[Black "Krasteva, Beloslava"]
[Result "1-0"]
[WhiteTitle "IM"]
[BlackTitle "FM"]
[WhiteElo "2456"]
[BlackElo "2289"]
[WhiteFideId "35006916"]
[BlackFideId "2922029"]
[EventDate "2024.06.02"]

1. c4 e6 2. Nc3 Bb4 3. Qc2 f5 4. g3 Nf6 5. Bg2 O-O 6. Nf3 d6 7. O-O Bxc3 8. Qxc3
Nbd7 9. d4 Qe7 10. Bg5 h6 11. Bxf6 Nxf6 12. c5 Re8 13. cxd6 cxd6 14. Rac1 Bd7
15. Nd2 Rec8 16. Qb4 Bc6 17. Bxc6 bxc6 18. Qa3 Qd7 19. Nc4 Rd8 20. Rc2 Rac8 21.
b4 Nd5 22. Na5 Rc7 23. Rfc1 Rdc8 24. Qa4 Nb6 25. Qb3 Kh8 26. a3 Nd5 27. Qd3 Qe8
28. Qa6 Nb6 29. Nc4 Nxc4 30. Rxc4 Qd7 31. R4c3 e5 32. dxe5 dxe5 33. Rc5 e4 34.
Qc4 Rd8 35. Kg2 e3 36. fxe3 Qd2 37. Rxf5 Qxe3 38. Rf3 Qe5 39. Rcf1 Rcc8 40. R1f2
Re8 41. Rf7 Rc7 42. Rf8+ Rxf8 43. Rxf8+ Kh7 44. Qd3+ g6 45. Rd8 Qe6 46. Rd6 Qe8
47. Kf2 Rg7 48. Ke1 Qc8 49. h4 Qh3 50. Kd2 Qh1 51. Rd7 Qa1 52. h5 Qb2+ 53. Ke1
Qa1+ 54. Kf2 Qf6+ 55. Kg2 Rxd7 56. Qxd7+ Kg8 57. Qe8+ 1-0

[Event "40th World Junior Girls"]
[Site "Gandhinagar IND"]
[Date "2024.06.13"]
[Round "11.2"]
[White "Mkrtchyan, Mariam"]
[Black "Rakshitta, Ravi"]
[Result "1-0"]
[WhiteTitle "WIM"]
[BlackTitle "WGM"]
[WhiteElo "2300"]
[BlackElo "2271"]
[WhiteFideId "13310828"]
[BlackFideId "25073230"]
[EventDate "2024.06.02"]

1. d4 e6 2. c4 b6 3. a3 Bb7 4. Nc3 f5 5. Nf3 Nf6 6. g3 a5 7. Bg2 Be7 8. O-O Ne4
9. Nxe4 Bxe4 10. Nd2 Bxg2 11. Kxg2 O-O 12. Nb1 Qe8 13. Nc3 d6 14. b3 Nd7 15. f3
Qg6 16. Qc2 h5 17. Bd2 c6 18. b4 Bf6 19. Be3 e5 20. d5 c5 21. bxc5 bxc5 22. Rab1
h4 23. Rb7 Rad8 24. Nb5 Be7 25. Nc7 Rb8 26. Rfb1 hxg3 27. hxg3 Rxb7 28. Rxb7 Bh4
29. Bf2 e4 30. Ne6 Rf7 31. Nf4 Qh6 32. Qa4 Nf8 33. Rxf7 Kxf7 34. Qxa5 Bg5 35.
Qc7+ Kg8 36. Nh3 Be3 37. fxe4 Bxf2 38. Nxf2 f4 39. Nh1 Qh5 40. gxf4 Qg4+ 41. Ng3
Ng6 42. Qxd6 Nxf4+ 43. Kf2 g5 44. Qb8+ Kf7 45. Qe5 Qxe2+ 46. Nxe2 Nd3+ 47. Kg3
Nxe5 48. Nc1 Nxc4 49. a4 Ke7 50. Kg4 Kd6 51. Kf5 Ne3+ 52. Kxg5 Nxd5 53. exd5
Kxd5 54. Kf4 Kd4 55. Na2 c4 56. Kf3 Kc5 57. Ke3 Kb6 58. Nc3 Ka5 59. Kd2 Kb4 60.
Kc2 Kc5 61. Kb1 Kc6 62. Kb2 Kb6 63. Ka3 Kc5 64. a5 1-0

[Event "40th World Junior Girls"]
[Site "Gandhinagar IND"]
[Date "2024.06.13"]
[Round "11.3"]
[White "Norman, Kseniya"]
[Black "Allahverdiyeva, Ayan"]
[Result "0-1"]
[BlackTitle "WIM"]
[WhiteElo "2134"]
[BlackElo "2133"]
[WhiteFideId "13518780"]
[BlackFideId "13412590"]
[EventDate "2024.06.02"]

1. e4 c5 2. Nf3 d6 3. Bb5+ Nd7 4. d4 cxd4 5. Qxd4 a6 6. Bxd7+ Bxd7 7. c4 Nf6 8.
Nc3 g6 9. O-O Bg7 10. a4 O-O 11. Qd3 Bg4 12. Nd2 Nd7 13. f4 Rc8 14. Nd5 e6 15.
Nc3 d5 16. cxd5 exd5 17. e5 Qb6+ 18. Kh1 d4 19. a5 Qa7 20. Nd5 Qc5 21. Nf6+ Nxf6
22. exf6 Bxf6 23. Ne4 Qc6 24. Nxf6+ Qxf6 25. f5 Bxf5 26. Qg3 Qe6 27. Bh6 Rfe8
28. Rae1 Be4 29. Qf2 Rc2 30. Qxd4 f6 31. Bd2 Qg4 32. Rf3 Bxf3 33. Rxe8+ Kf7 34.
Qxg4 Bxg4 35. Rd8 Rxb2 36. h3 Bf5 37. Rd6 Ke7 38. Bf4 g5 39. Bg3 Be4 0-1

[Event "40th World Junior Girls"]
[Site "Gandhinagar IND"]
[Date "2024.06.13"]
[Round "11.4"]
[White "Sachi Jain"]
[Black "Shubhi Gupta"]
[Result "0-1"]
[WhiteTitle "WFM"]
[BlackTitle "WFM"]
[WhiteElo "2124"]
[BlackElo "1943"]
[WhiteFideId "25974050"]
[BlackFideId "25195425"]
[EventDate "2024.06.02"]

1. e4 c5 2. Nf3 d6 3. d4 cxd4 4. Nxd4 Nf6 5. Nc3 Nc6 6. Rg1 g6 7. g4 Bg7 8. Nb3
a5 9. Bb5 O-O 10. Be3 a4 11. Nxa4 Nxe4 12. c3 f5 13. g5 f4 14. Bb6 Qd7 15. f3
Qf5 16. Bd3 Rxa4 17. Bxe4 Rxe4+ 18. fxe4 Qxe4+ 19. Qe2 Qxe2+ 20. Kxe2 f3+ 21.
Kd2 Ne5 22. Bf2 Nc4+ 23. Kc1 Be5 24. Nd4 Bxh2 25. Rd1 e5 26. b3 Bf4+ 27. Kc2
Ne3+ 28. Bxe3 Bxe3 29. Nb5 f2 30. Nxd6 Bh3 31. Kd3 Bxg5 32. Ke2 Bg2 33. Rf1 Bh4
34. a4 g5 35. a5 g4 36. Ra4 g3 37. Raa1 Bf3+ 38. Ke3 Bg5+ 39. Kd3 Rd8 0-1

[Event "40th World Junior Girls"]
[Site "Gandhinagar IND"]
[Date "2024.06.13"]
[Round "11.5"]
[White "Mrudul, Dehankar"]
[Black "Wikar, Martyna"]
[Result "1-0"]
[WhiteTitle "WIM"]
[BlackTitle "WIM"]
[WhiteElo "2028"]
[BlackElo "2272"]
[WhiteFideId "25096990"]
[BlackFideId "21807663"]
[EventDate "2024.06.02"]

1. e4 c5 2. Nf3 Nc6 3. d4 cxd4 4. Nxd4 Nf6 5. Nc3 h5 6. Bc4 e6 7. Bf4 Bc5 8.
Ndb5 O-O 9. Bc7 Qe7 10. Bd6 Bxd6 11. Qxd6 Qd8 12. O-O-O a6 13. Nd4 Ne8 14. Qg3
Nxd4 15. Rxd4 b5 16. Be2 h4 17. Qf4 Qa5 18. e5 Bb7 19. Qxh4 Rc8 20. Rhd1 Rxc3
21. bxc3 Qa3+ 22. Kd2 d6 23. Bd3 f5 24. Qe7 Bd5 25. Rh4 b4 26. cxb4 dxe5 27.
Rh8+ Kxh8 28. Qxf8+ Kh7 29. Qxe8 Qxb4+ 30. c3 Qf4+ 31. Ke1 e4 32. Qh5+ Kg8 33.
Be2 e3 34. f3 Qa4 35. c4 Qa5+ 36. Kf1 Bb7 37. Rd7 1-0

[Event "40th World Junior Girls"]
[Site "Gandhinagar IND"]
[Date "2024.06.13"]
[Round "11.6"]
[White "Kaldarova, Ayaulym"]
[Black "Balabayeva, Xeniya"]
[Result "1/2-1/2"]
[WhiteTitle "WFM"]
[BlackTitle "WIM"]
[WhiteElo "2100"]
[BlackElo "2246"]
[WhiteFideId "13720503"]
[BlackFideId "13719688"]
[EventDate "2024.06.02"]

1. Nf3 d5 2. g3 Nf6 3. Bg2 e6 4. c4 Be7 5. O-O O-O 6. d4 dxc4 7. Qc2 a6 8. a4 c5
9. dxc5 Bxc5 10. Nbd2 b5 11. Ng5 Ra7 12. Nde4 Nxe4 13. Nxe4 Bd4 14. axb5 axb5
15. Ng5 g6 16. Rxa7 Bxa7 17. b3 Bd4 18. bxc4 bxc4 19. Qxc4 Qb6 20. Bf4 Nd7 21.
Ne4 Nf6 22. e3 Nxe4 23. Qxd4 Qxd4 24. exd4 Nc3 25. Bd6 Rd8 26. Be5 Ba6 27. Ra1
Bc4 28. h4 Bd5 29. Bf1 Ra8 30. Rxa8+ Bxa8 31. Bd6 Nd5 32. Bg2 Nb6 33. Bc7 Bxg2
34. Bxb6 Bd5 1/2-1/2

[Event "40th World Junior Girls"]
[Site "Gandhinagar IND"]
[Date "2024.06.13"]
[Round "11.7"]
[White "Tejaswini G"]
[Black "Hryzlova, Sofiia"]
[Result "1/2-1/2"]
[WhiteTitle "WIM"]
[BlackTitle "WIM"]
[WhiteElo "2059"]
[BlackElo "2246"]
[WhiteFideId "25749978"]
[BlackFideId "14174669"]
[EventDate "2024.06.02"]

1. d4 Nf6 2. c4 e6 3. Nc3 Bb4 4. e3 O-O 5. Bd2 d5 6. Nf3 b6 7. cxd5 exd5 8. Rc1
Re8 9. Bd3 Bf8 10. O-O Bb7 11. Ne5 c5 12. f4 Nc6 13. Bb5 Re6 14. f5 Rxe5 15.
Bxc6 Re7 16. Bb5 a6 17. Bd3 b5 18. Ne2 c4 19. Bb1 Ng4 20. f6 Nxf6 21. Rxf6 gxf6
22. Ng3 Bc8 23. Bf5 c3 24. Bxc3 Rxe3 25. Bd2 Rxg3 26. Rxc8 Rxc8 27. hxg3 Rc4 28.
Qh5 Bg7 29. b3 Rxd4 30. Be3 Qb6 31. Bxh7+ Kf8 32. Bf2 Qc5 33. Bxd4 Qxd4+ 34. Kh2
Qe5 35. Qh3 Qe6 36. Bf5 Qe2 37. Bb1 Qe6 38. Bf5 Qe3 39. Bc2 Bh6 40. Qf5 Qe5 41.
Kh3 Bd2 42. Qc8+ Kg7 43. Qg4+ Bg5 44. Qf5 Qe2 45. Kh2 d4 46. Be4 Qe1 47. Qh7+
Kf8 48. Bd5 Qe8 49. Qh8+ Ke7 50. Qxe8+ Kxe8 1/2-1/2

[Event "40th World Junior Girls"]
[Site "Gandhinagar IND"]
[Date "2024.06.13"]
[Round "11.8"]
[White "Bristy, Mukherjee"]
[Black "Zhurova, Anna"]
[Result "1/2-1/2"]
[WhiteTitle "WFM"]
[BlackTitle "WFM"]
[WhiteElo "1902"]
[BlackElo "2239"]
[WhiteFideId "25077325"]
[BlackFideId "54113075"]
[EventDate "2024.06.02"]

1. c4 e6 2. Nc3 d5 3. cxd5 exd5 4. d4 Nf6 5. Nf3 Bb4 6. Qa4+ Nc6 7. Ne5 Rb8 8.
Nxc6 bxc6 9. Bg5 Bd7 10. Qc2 h6 11. Bh4 O-O 12. e3 g5 13. Bg3 Ne4 14. Bd3 Nxg3
15. hxg3 Kg7 16. a3 Bd6 17. b4 f5 18. f4 Qe7 19. Kf2 a5 20. bxa5 Bxa3 21. Rab1
Rbe8 22. Rbe1 Qd6 23. fxg5 hxg5 24. Rh5 Qe7 25. Nd1 Rh8 26. Reh1 Rxh5 27. Rxh5
c5 28. Bxf5 Bxf5 29. Qxf5 Rf8 30. Rh7+ Kg8 31. Rxe7 Rxf5+ 32. Ke2 cxd4 33. Rxc7
Rf6 34. Rd7 dxe3 35. Rxd5 Re6 36. Rxg5+ Kf7 37. Rb5 Bc1 38. Rb7+ Kg8 39. Rb8+
Kg7 40. Rb7+ Kg8 41. Rb1 Ba3 42. Rb6 Re8 43. Rc6 Kf7 44. a6 Re5 45. Nc3 Bc5 46.
Nb5 Rd5 47. Rxc5 Rxc5 48. a7 Rc2+ 49. Kxe3 Ra2 50. Ke4 Kg6 1/2-1/2

[Event "40th World Junior Girls"]
[Site "Gandhinagar IND"]
[Date "2024.06.13"]
[Round "11.9"]
[White "Rindhiya, V"]
[Black "Gunawardhana, Devindya Oshini"]
[Result "1-0"]
[WhiteTitle "WFM"]
[BlackTitle "WFM"]
[WhiteElo "1965"]
[BlackElo "1980"]
[WhiteFideId "25040529"]
[BlackFideId "29941482"]
[EventDate "2024.06.02"]

1. e4 e5 2. Nf3 Nc6 3. Bb5 a6 4. Ba4 Nf6 5. O-O b5 6. Bb3 Bb7 7. Re1 Bc5 8. c3
d6 9. d4 Bb6 10. Be3 O-O 11. Nbd2 h6 12. d5 Ne7 13. Bxb6 cxb6 14. Bc2 Bc8 15. h3
Ne8 16. c4 bxc4 17. Nxc4 f5 18. exf5 Bxf5 19. Ne3 Bxc2 20. Qxc2 Nf6 21. Nd2 Rc8
22. Qd3 a5 23. a3 Nh5 24. g3 Qd7 25. Kg2 Rf7 26. Rac1 Rcf8 27. Rf1 g6 28. Ndc4
Qd8 29. Ng4 Nf5 30. Nxh6+ Kg7 31. Nxf7 Rxf7 32. Kh2 Kh7 33. Ne3 Nd4 34. f4 Qh8
35. f5 g5 36. f6+ Kg8 37. Rc8+ Rf8 38. Qg6+ 1-0